[Event "Challenge"]
[Site "http://www.queenalice.com/game.php?id=1508813"]
[Date "2017.12.21"]
[Round "-"]
[White "ddecker419"]
[Black "BMJFF33"]
[Result "1-0"]
[WhiteElo "1304"]
[BlackElo "1347"]

1. e4 g5 2. d4 h6 3. Bc4 b5 4. Bxb5 a6 5. Bc4 d6 6. Nf3 Nc6 7. Nc3 g4 8. d5 gxf3
9. gxf3 Ne5 10. Qe2 c5 11. Bd2 Bg7 12. O-O-O Qa5 13. a4 Rb8 14. b3 Nf6 15. f4
Neg4 16. f3 O-O 17. Rhg1 h5 18. e5 Nh6 19. exf6 exf6 20. Qg2 Nf5 21. Bd3 Nd4 22.
Qxg7# 1-0

[Event "Soh Ddecker 10"]
[Site "http://www.queenalice.com/game.php?id=1509726"]
[Date "2017.12.28"]
[Round "-"]
[White "SohWhardego"]
[Black "ddecker419"]
[Result "1-0"]
[WhiteElo "1721"]
[BlackElo "1323"]

1. e4 e5 2. Nf3 Nc6 3. Bc4 Nf6 4. Ng5 Na5 5. Nxf7 Qe7 6. Nxh8 Nxc4 7. d3 Qb4+ 8.
c3 Qc5 9. dxc4 Qxc4 10. Nd2 Qd3 11. Nf3 Qxd1+ 12. Kxd1 Bd6 13. Ng5 Ng4 14. Ke1
Bc5 15. f3 Bf2+ 16. Ke2 b6 17. fxg4 Bh4 18. Nxh7 Ba6+ 19. Kf3 O-O-O 20. Ng6 Bf6
21. g5 d5 22. gxf6 gxf6 23. Nxf6 Rd6 24. Ne7+ Kd8 25. Nfxd5 Bb7 26. Bg5 c6 27.
Nxc6+ Kd7 28. Nxe5+ Ke8 29. Rad1 Re6 30. Nc7+ Kf8 31. Nxe6+ Kg8 32. Rd8+ Kh7 33.
Rd7+ Kg8 34. Rxb7 1-0

[Event "Soh Ddecker 11"]
[Site "http://www.queenalice.com/game.php?id=1509727"]
[Date "2017.12.28"]
[Round "-"]
[White "ddecker419"]
[Black "SohWhardego"]
[Result "0-1"]
[WhiteElo "1264"]
[BlackElo "1695"]

1. e4 Nf6 2. d3 e5 3. Nc3 d5 4. d4 Bg4 5. Qd3 Bb4 6. dxe5 Nxe4 7. f3 Bf5 8. Qb5+
c6 9. Qxb7 Bxc3+ 10. bxc3 Nd7 11. Ba3 Qc8 12. Ba6 Qxb7 13. Bxb7 Rb8 14. Rb1 Nxe5
15. Ne2 Nc4 16. Bxc6+ Kd8 17. Rxb8+ Bc8 18. Bc1 Kc7 19. Bb7 Kxb8 20. Bxd5 Ned6
21. Bf4 Be6 22. Bc6 Kc7 23. Ba4 Rb8 24. O-O Rb2 25. Rd1 Rxa2 26. Bb3 Nb2 27.
Rxd6 Ra1+ 28. Kf2 Nd1+ 29. Ke1 Nxc3+ 30. Kd2 Nd5 31. Nd4 Nxf4 32. Rc6+ Kd7 33.
Rc5 Kd6 34. Rc6+ Ke5 35. c3 Bxb3 36. Rc5+ Kd6 37. Rc6+ Kd5 38. g3 Ba4 39. c4+
Kxd4 40. Rd6+ Kxc4 41. Rc6+ Bxc6 42. Ke3 Nd3 43. f4 Re1+ 44. Kd2 Bf3 45. Kc2
Re2+ 46. Kd1 Kc3 47. h4 Rg2# 0-1

[Event "Challenge"]
[Site "http://www.queenalice.com/game.php?id=1512190"]
[Date "2018.1.17"]
[Round "-"]
[White "ddecker419"]
[Black "cavaliernoir"]
[Result "0-1"]
[WhiteElo "1321"]
[BlackElo "1439"]

1. e4 e5 2. Nf3 Nf6 3. Nxe5 Nxe4 4. f3 Nc5 5. d4 d6 6. Nc4 Qe7+ 7. Be2 Be6 8.
Nbd2 Nc6 9. c3 Bxc4 10. O-O Bxe2 11. Qe1 Bxf1 12. Qxf1 Ne6 13. d5 Nf4 14. Ne4 a5
15. Bxf4 Ne5 16. Bg5 Qd7 17. f4 Ng6 18. f5 Ne5 19. b4 axb4 20. cxb4 Be7 21. Bxe7
Qxe7 22. f6 gxf6 23. Nxf6+ Kf8 24. Qf5 Kg7 25. Qg5+ Ng6 26. h4 Qxf6 27. Qg4 Kf8
28. Re1 Nxh4 29. Rf1 Qb2 30. Qxh4 Qxa2 31. Re1 Qxd5 32. Qe7+ Kg7 33. Rf1 Kg8 34.
b5 c5 35. Qh4 c4 36. Qg4+ Kf8 37. Qf4 Ke7 38. Qe3+ Qe5 39. Qh3 c3 40. Qh4+ f6
41. Qf2 Qxb5 42. Qxf6+ Kd7 43. Qf7+ Kc6 44. Qf3+ Kb6 45. Qe3+ Kc7 46. Qxc3+ Kd7
47. Qg7+ Kc6 48. Qc3+ Qc5+ 0-1

[Event "Challenge"]
[Site "http://www.queenalice.com/game.php?id=1515265"]
[Date "2018.2.9"]
[Round "-"]
[White "NataliaMichels"]
[Black "ddecker419"]
[Result "0-1"]
[WhiteElo "1402"]
[BlackElo "1303"]

1. e4 e5 2. Nf3 Nc6 3. Nc3 Bc5 4. Bc4 Qf6 5. O-O Nh6 6. d3 O-O 7. Nd5 Qg6 8.
Nxc7 Rb8 9. Nd5 d6 10. Nc7 Qh5 11. Be3 Bxe3 12. fxe3 Ng4 13. Nd2 Qxh2# 0-1

[Event "Challenge"]
[Site "http://www.queenalice.com/game.php?id=1518162"]
[Date "2018.3.3"]
[Round "-"]
[White "gruppodilavoro"]
[Black "ddecker419"]
[Result "1-0"]
[WhiteElo "1738"]
[BlackElo "1285"]

1. e4 e5 2. d4 Nc6 3. Nf3 exd4 4. Nxd4 Bc5 5. c3 Nge7 6. Bc4 Ne5 7. Qb3 O-O 8.
O-O d6 9. Bg5 h6 10. Bxe7 Qxe7 11. Nd2 Be6 12. Bxe6 Rae8 13. Bh3 g6 14. Rad1 a6
15. Qxb7 Rb8 16. Qxa6 Qg5 17. f4 Qf6 18. fxe5 Qxe5 19. Qd3 d5 20. b4 Bb6 21. Kh1
c5 22. Nc6 Qd6 23. exd5 Bc7 24. g3 cxb4 25. Ne4 Qd7 26. Nf6+ Kg7 27. Nxd7 Rbe8
28. Qd4+ f6 29. Rxf6 1-0

[Event "Challenge"]
[Site "http://www.queenalice.com/game.php?id=1518163"]
[Date "2018.3.3"]
[Round "-"]
[White "ddecker419"]
[Black "gruppodilavoro"]
[Result "0-1"]
[WhiteElo "1283"]
[BlackElo "1750"]

1. e4 c5 2. Nf3 Nc6 3. e5 e6 4. d4 Nge7 5. Nc3 Nf5 6. Bd3 cxd4 7. Nb5 Nb4 8. O-O
Nxd3 9. Qxd3 a6 10. Nbxd4 Nxd4 11. Qxd4 d5 12. Qf4 Qc7 13. Re1 Qxc2 14. Qd2 Qg6
15. Ng5 Bd7 16. Qf4 Rc8 17. Qxf7+ Qxf7 18. Nxf7 Kxf7 19. Re3 Bc5 20. Rf3+ Ke8
21. a3 Bd4 22. Bf4 Rf8 23. g3 Bxe5 24. Re1 Bxb2 25. Rfe3 Rc2 26. Rf1 Bd4 27. Rf3
e5 28. Re1 e4 29. Bd6 Rxf3 30. Kg2 Rfxf2+ 31. Kg1 Rfe2+ 32. Kf1 Bh3# 0-1

[Event "Challenge"]
[Site "http://www.queenalice.com/game.php?id=1521371"]
[Date "2018.3.27"]
[Round "-"]
[White "recchdegomm1"]
[Black "ddecker419"]
[Result "1-0"]
[WhiteElo "1264"]
[BlackElo "1281"]

1. e4 e5 2. Nf3 d6 3. Bc4 h6 4. d4 Nc6 5. a3 Nf6 6. Nc3 Bg4 7. b4 exd4 8. Nd5
Nxe4 9. Qe2 Be7 10. Qxe4 f5 11. Qe2 Qd7 12. Bb2 O-O-O 13. c3 d3 14. Qxd3 Ne5 15.
Nxe5 dxe5 16. Qe3 e4 17. h3 Qa4 18. hxg4 fxg4 19. Nxe7+ Kb8 20. O-O Qe8 21. Qxe4
h5 22. Rfe1 g3 23. fxg3 Qf8 24. a4 Qf7 25. Bxf7 1-0

[Event "Challenge"]
[Site "http://www.queenalice.com/game.php?id=1526068"]
[Date "2018.5.4"]
[Round "-"]
[White "vangogh"]
[Black "ddecker419"]
[Result "1-0"]
[WhiteElo "1518"]
[BlackElo "1262"]

1. e4 e5 2. d4 f5 3. exf5 Nc6 4. d5 Nce7 5. d6 Nxf5 6. Qd5 cxd6 7. g4 Nge7 8.
Qd1 d5 9. gxf5 Qa5+ 10. Bd2 Qb6 11. b3 Nxf5 12. Bc3 Bd6 13. Qxd5 Qc5 14. Qd3 O-O
15. Nd2 Qa3 16. Nc4 Qa6 17. Bh3 g6 18. Nf3 Re8 19. Bxe5 Bxe5 20. Qd5+ Qe6 21.
Qe4 d5 22. Qxe5 Qd7 23. O-O Rxe5 24. Ncxe5 Qe6 25. Rfe1 h6 26. Nc4 Qf7 27. Nce5
Qf6 28. Ng4 Qd8 29. Rad1 d4 30. Re4 Qd5 31. Nf6+ Kg7 32. Nxd5 Bd7 33. Bxf5 Bxf5
34. Re7+ Kf8 35. Rxb7 Re8 36. Nxd4 Bxc2 37. Nxc2 a5 38. Rd4 g5 39. Ra4 h5 40.
Rxa5 g4 41. Nf6 1-0

[Event "Challenge"]
[Site "http://www.queenalice.com/game.php?id=1534479"]
[Date "2018.7.12"]
[Round "-"]
[White "ddecker419"]
[Black "dejami"]
[Result "0-1"]
[WhiteElo "1256"]
[BlackElo "1666"]

1. e4 e5 2. Nf3 Qf6 3. Nc3 c6 4. Be2 g5 5. O-O d6 6. d4 g4 7. Bg5 Qg6 8. Nh4
Qxg5 9. f3 Qxh4 10. Qe1 Qh5 11. fxg4 Qg5 12. Rf5 Bxf5 13. gxf5 exd4 14. Rd1 dxc3
15. b4 Qe3+ 16. Kf1 Nd7 17. Qh4 Be7 18. Qh5 Ngf6 19. Rd3 Qxe4 20. a3 Nxh5 21.
Bxh5 Bh4 22. g3 Qh1+ 23. Ke2 Qxh2+ 0-1

[Event "Challenge"]
[Site "http://www.queenalice.com/game.php?id=1534480"]
[Date "2018.7.12"]
[Round "-"]
[White "dejami"]
[Black "ddecker419"]
[Result "1-0"]
[WhiteElo "1660"]
[BlackElo "1254"]

1. e4 e5 2. Bc4 Nf6 3. Qf3 d6 4. h3 Nc6 5. c3 Be7 6. g4 O-O 7. d3 a6 8. g5 Nd4
9. cxd4 exd4 10. gxf6 Bxf6 11. Nd2 Qe7 12. Ne2 c5 13. Nf4 b5 14. Nd5 Qd8 15. Bb3
Bb7 16. Nf1 Qe8 17. Nxf6+ gxf6 18. Bh6 Qe6 19. Qg2+ Kh8 20. Qg7# 1-0

[Event "Soh Ddecker 12"]
[Site "http://www.queenalice.com/game.php?id=1535531"]
[Date "2018.7.20"]
[Round "-"]
[White "SohWhardego"]
[Black "ddecker419"]
[Result "1-0"]
[WhiteElo "1697"]
[BlackElo "1252"]

1. e4 e5 2. Nf3 Nf6 3. Nc3 Nc6 4. Bc4 h6 5. O-O Bc5 6. Nxe5 Nxe5 7. d4 Nxc4 8.
dxc5 c6 9. b3 Qb6 10. cxb6 Nxb6 11. Ba3 d5 12. Qd4 Nbd7 13. Rfe1 c5 14. exd5+
Kd8 15. Bxc5 b6 16. Be7+ Ke8 17. Bxf6+ Kf8 18. Bxg7+ 1-0

[Event "Soh Ddecker 13"]
[Site "http://www.queenalice.com/game.php?id=1545758"]
[Date "2018.10.12"]
[Round "-"]
[White "ddecker419"]
[Black "SohWhardego"]
[Result "0-1"]
[WhiteElo "1268"]
[BlackElo "1699"]

1. e4 c5 2. d4 cxd4 3. Nf3 e5 4. Bc4 Qf6 5. O-O Bd6 6. c3 Nc6 7. Ng5 Nh6 8. Na3
O-O 9. Nc2 a6 10. a4 Be7 11. Qh5 Qg6 12. Qh4 Nf5 13. Qg4 d6 14. a5 Ne3 15. fxe3
Bxg4 16. Bxf7+ Rxf7 17. Nxf7 Qxe4 18. Ne1 dxe3 19. Nf3 e2 20. Re1 Rf8 21. N3g5
Bxg5 22. Nxg5 Rf1+ 23. Rxf1 exf1=Q+ 24. Kxf1 Qe2+ 25. Kg1 Qe1# 0-1

[Event "Challenge"]
[Site "http://www.queenalice.com/game.php?id=1557935"]
[Date "2019.1.25"]
[Round "-"]
[White "ddecker419"]
[Black "cristianodepaula"]
[Result "1-0"]
[WhiteElo "1266"]
[BlackElo "1416"]

1. e4 c5 2. Nf3 b6 3. d4 g6 4. c3 Nc6 5. d5 Na5 6. Bb5 a6 7. Bd3 Bg7 8. e5 Bb7
9. c4 b5 10. cxb5 c4 11. Bc2 axb5 12. Nc3 Ba6 13. O-O f6 14. e6 d6 15. Ne4 Nh6
16. Qd4 Nf5 17. Qd2 O-O 18. b4 Bh6 19. Qc3 Nb7 20. Nd4 Nxd4 21. Qxd4 Bxc1 22.
Raxc1 f5 23. f4 fxe4 24. Qxe4 Qb6+ 25. Rf2 Nd8 26. Rf1 Bb7 27. f5 gxf5 28. Qh4
1-0

[Event "Soh Ddecker 14"]
[Site "http://www.queenalice.com/game.php?id=1563704"]
[Date "2019.3.9"]
[Round "-"]
[White "ddecker419"]
[Black "SohWhardego"]
[Result "0-1"]
[WhiteElo "1288"]
[BlackElo "1701"]

1. e4 e5 2. Nf3 Nf6 3. Nxe5 Qe7 4. d4 Nxe4 5. Nc3 d6 6. Nxe4 dxe5 7. d5 Qb4+ 8.
c3 Qxe4+ 9. Be2 Qxg2 10. Qa4+ Bd7 11. Bb5 Qxh1+ 12. Ke2 Qxd5 13. c4 Qe4+ 14. Be3
a6 15. Bxd7+ Nxd7 16. Rd1 O-O-O 17. f3 Qh4 18. Rh1 Bc5 19. b4 Qxc4+ 20. Kd2
Bxb4+ 21. Qxb4 Qxb4+ 22. Ke2 Qb2+ 23. Kd1 Qb1+ 24. Ke2 Qxh1 0-1

[Event "Challenge"]
[Site "http://www.queenalice.com/game.php?id=1575648"]
[Date "2019.6.28"]
[Round "-"]
[White "ddecker419"]
[Black "SohWhardego"]
[Result "0-1"]
[WhiteElo "1284"]
[BlackElo "1705"]

1. e4 g6 2. d4 Bg7 3. e5 d6 4. e6 Bxe6 5. Nf3 Nc6 6. d5 Bxd5 7. Qxd5 Nf6 8. Qb5
b6 9. Qxc6+ Nd7 10. Nc3 O-O 11. Bc4 Ne5 12. Nd2 Nxc6 13. O-O Nd4 14. Re1 Nxc2
15. Rd1 Nxa1 16. Nce4 d5 17. Bd3 dxe4 18. Bxe4 Rc8 19. b4 Bc3 20. g3 Qd4 21. Bf3
Nc2 22. Be4 Ne3 23. Re1 Ng4 24. Re2 Bxb4 25. h3 Nxf2 26. Kg2 Bxd2 27. Rxd2 Qxe4+
28. Kxf2 Rfd8 29. Re2 Qf5+ 30. Kg2 Rd1 31. Bf4 g5 32. g4 Qxf4 33. Rf2 Qd4 34.
Re2 Rd8 35. Kf3 Qf4+ 36. Kg2 Qf1+ 37. Kg3 R8d3+ 38. Re3 Rxe3+ 39. Kh2 Qf2# 0-1

[Event "Let's Play Chess!"]
[Site "http://www.queenalice.com/game.php?id=1578170"]
[Date "2019.7.22"]
[Round "-"]
[White "ddecker419"]
[Black "igorjava"]
[Result "0-1"]
[WhiteElo "1282"]
[BlackElo "1949"]

1. e4 c5 2. Ne2 d6 3. Nbc3 Nc6 4. d3 Nf6 5. Nf4 e6 6. Bd2 Nd4 7. Rc1 a6 8. Be3
Be7 9. Bxd4 cxd4 10. Nce2 e5 11. Ne6 fxe6 12. Ng3 O-O 13. Be2 b5 14. O-O Bb7 15.
c4 bxc4 16. Rxc4 Rc8 17. Qc1 d5 18. Rc2 dxe4 19. dxe4 a5 20. a4 Bxe4 21. Nxe4
Nxe4 22. Bd3 Nc5 23. Bc4 Qd7 24. Bb5 Qa7 25. Bc4 Qd7 26. Bb5 Qb7 27. Bc4 Kh8 28.
f3 Qb6 29. Qa1 e4 30. fxe4 Nxe4 31. Re1 Nc5 32. Qa2 Rc6 33. Rd2 Qb4 34. Ree2 Bg5
35. Rxd4 Qxa4 36. b3 Qb4 37. Qc2 Nxb3 38. Qb2 Nxd4 39. Qxd4 Qb1+ 40. Re1 Qxe1+
41. Bf1 Qxf1# 0-1

[Event "Site's Suggest Opponents"]
[Site "http://www.queenalice.com/game.php?id=1598897"]
[Date "2020.2.9"]
[Round "-"]
[White "BobFish"]
[Black "ddecker419"]
[Result "1-0"]
[WhiteElo "1683"]
[BlackElo "1280"]

1. d4 d5 2. Nf3 e6 3. c4 dxc4 4. Nc3 Nf6 5. e4 a6 6. e5 Ng4 7. Bxc4 Bd7 8. Ng5
h6 9. Nxf7 Qf6 10. exf6 Nxf6 11. Nxh8 1-0